00648nam a22001575i 4500001000700000003000900007005001700016008004100033040003000074100003000104245014400134260007500278300004800353651002000401852006900421155017ES-MaACL20230906205931.0981021s1894 sp b |||| | spa d aCCPB | B bspa cCCPB | B1 aGutiérrez Vela, Rafael.10aDescripcion de las Islas Faeröe b: sus puertos y rias, é instrucciones para la navegacion entre ellas / cpor Rafaél Gutierrez Vela. aMadrid : b[s.n.], c1894 (fImp. de la viuda é hija de Fuentenebro) a45 p., 2 h. pleg. de lám.: il. ; c25 cm. 4aIslas Faeröe. aES-MaACLjT-827-F-1 z-- Enc. hol. z-- Enc. en un vol. facticio